Polacy wobec problemu "wypędzenia"
| Titel: | Polacy wobec problemu "wypędzenia" : Refleksje nad publikacją "Flucht und Vertreibung aus Sicht der deutschen, polnischen und tschechischen Bevölkerung" Thomasa Petersena |
|---|---|
| Verfasser: | |
| Beteiligt: | |
| In: |
Przegląd zachodni. [Polnische Ausgabe], Band 63, Heft 1 (2007), Seite 225-239 alle Artikel anzeigen |
| Veröffentlicht: | 2007 |
| Format: | Aufsatz |
| Sprache: | Polnisch |
X
alg: 39507499 001A $01999:12-11-16 001B $01999:04-08-21 $t21:03:58.000 001C $06050:19-11-16 $t09:00:45.000 001D $01999:12-11-16 001U $0utf8 001X $00 002@ $0Aox 003@ $0395074991 007A $0395074991 $aHEB 007T $0Herdc0015452m 010@ $apol 011@ $a2007 021A $aPolacy wobec problemu "wypędzenia" $dRefleksje nad publikacją "Flucht und Vertreibung aus Sicht der deutschen, polnischen und tschechischen Bevölkerung" Thomasa Petersena 028A $aFormusiewicz $dRyszarda 028B/01 $aNowosielski $dMichał 031A $d63 $e1 $h225-239 $j2007 039B $aIn $8--Abvc--. Przegląd zachodni. [Polnische Ausgabe]. - Poznań : Inst. Zachodni, 1945-. - ISSN 0033-2437 $x200700000630001775 $904745606X 039T $8--Aau--Petersen, Thomas$Z1968- [Tp3]. Flucht und Vertreibung aus Sicht der deutschen, polnischen und tschechischen Bevölkerung. - 2., überarb. Aufl.. - Bonn : Stiftung Haus der Geschichte der Bundesrepublik Deutschland, 2005. - 127 S.. - graph. Darst., Kt.. - ISBN 3-9808132-6-6 $9130165204 045F $a900.94371 $eDDC23BSB 045F/01 $a900 045F/03 $g4371 045F/03 $g438 045F/03 $g4385 045T $a7,41 $a3,6 lok: 39507499 78 exp: 39507499 78 1 #EPN 201B/01 $026-11-17 $t03:57:10.000 201U/01 $0utf8 203@/01 $0791373630 208@/01 $a12-11-16 $be 209A/01 $a/ $f000 $x00 220C/01 $aTitelaufnehmer: wr 220C/01 $aHerkunft: PBB/IH PAN;IH UWr;HI Marburg 220C/01 $aAnmerkung: Breslau: 09.12;wypędzeni;przesiedlenia/wysiedlenia;!potraktować też jako recenzjępo wprowadzeniu pracy Petersena! 244Z/01 $2Trx $#Silesia $#Śląsk $#Sliezsko $#Slezsko $8--Trx--Schlesien $x01 $9391173987 244Z/01 $2Trx $#Poola $#Lenkija $#Polija $#Polen Land $#Poland $#Lengyelország $#Poľsko $#Polsko $8--Trx--Polska$gkraj $x02 $9391345966 244Z/01 $#Tschechien $#Tschechische Republik $#Tschechische Republik $#Tschechenland $#Tschechei Tschechien $#Česká Republika $#Czech Republic $#ČR $74303381-7 $8--Tg1--Tschechien $x03 $9086659812 244Z/01 $2Trx $#Böhmen $#Bohemia $#Czechy $8--Trx--Čechy $x04 $9391188941 244Z/01 $2Trx $#arvustused $#recenzijos $#Reviews $#recenziók $#recenzje $#recenzie $#recenze $8--Trx--Rezensionen $x05 $9391357441 247C/01 $82080>Marburg/Lahn, Herder-Institut, Forschungsbibliothek, Bibliographieportal $9336309341
| LEADER | 00000caa a22000002c 4500 | ||
|---|---|---|---|
| 001 | 395074991 | ||
| 003 | DE-603 | ||
| 005 | 20210804210358.0 | ||
| 007 | tu | ||
| 008 | 161112s2007 xx |||| | u00||u|pol c | ||
| 035 | |a (DE-599)HEB395074991 | ||
| 040 | |a DE-603 |b ger |c DE-603 |d DE-603 | ||
| 041 | |a pol | ||
| 082 | 0 | 4 | |8 1\u |a 900.94371 |q DE-101 |2 23/BSB |
| 084 | |a 7,41 |a 3,6 |2 ssgn | ||
| 085 | |8 1\u |b 900 | ||
| 085 | |8 1\u |z 2 |s 4371 | ||
| 085 | |8 1\u |z 2 |s 438 | ||
| 085 | |8 1\u |z 2 |s 4385 | ||
| 100 | 1 | |a Formusiewicz, Ryszarda | |
| 245 | 0 | 0 | |a Polacy wobec problemu "wypędzenia" |b Refleksje nad publikacją "Flucht und Vertreibung aus Sicht der deutschen, polnischen und tschechischen Bevölkerung" Thomasa Petersena |
| 264 | 0 | |c 2007 | |
| 700 | 1 | |a Nowosielski, Michał | |
| 773 | 0 | 8 | |i In |t Przegląd zachodni. [Polnische Ausgabe] |d Poznań : Inst. Zachodni, 1945- |h 24 cm |x 0033-2437 |g Band 63, Heft 1 (2007), Seite 225-239 |w (DE-603)04745606X |w (DE-600)281538-2 |
| 787 | 0 | 8 | |i Rezension von |a Petersen, Thomas, 1968- |t Flucht und Vertreibung aus Sicht der deutschen, polnischen und tschechischen Bevölkerung |b 2., überarb. Aufl. |d Bonn : Stiftung Haus der Geschichte der Bundesrepublik Deutschland, 2005 |h 127 S., graph. Darst., Kt. |z 3980813266 |w (DE-603)130165204 |
| 924 | 0 | |9 2080 |a (DE-603)791373630 |b DE-2080 |c HES |d d |g / | |


